000 00282nam a2200109Ia 4500
005 20251222141842.0
008 251222s9999||||xx |||||||||||||| ||spa||
082 _a658.78/M61
245 0 _aCadenas LogĂ­sticas 2012
264 _bMinisterio de Transportes y Comunicaciones
942 _cLIB
999 _c7470
_d7470